000 01988cam a2200361 i 4500
003 DO-SdBNP
005 20240301180540.0
007 ta
008 751003s2014 sp 000 0 spa d
020 _a9788420687353
040 _aDO-SdBNP
_bspa
_cBNPHU
_erda
082 _bM392e
_222
100 1 _aMarx, Karl,
_d1818-1883
_930439
240 1 0 _aRevolutionary spain /
_lEspañol
245 1 3 _aLa España revolucionaria /
_cKarl Marx ; edición Jorge del Palacio
250 _a2a. edición
264 1 _aMadrid, España :
_bAlianza editorial,
_c2014.
300 _a194 páginas
_c18 cm.
336 _2rdacontent
_atexto
_btxt
337 _2rdamedia
_asin mediación
_bn
338 _2rdacarrier
_avolumen
_bnc
490 1 _aHistoria
500 _aIncluye Índice analítico.
500 _aEl libro de bolsillo
504 _aBibliografía p: 23-27
520 _aEl pronunciamiento liberal de 1854, conocido como "la Vicalvarada", provocó que la política española llamase la atención de la opinión pública estadounidense, interesada en saber si los cambios en la metrópoli podían afectar a sus colonias de América. Es así como Karl Marx, corresponsal del periódico New York Daily Tribune en Europa, dirige su mirada a nuestra país, escribiendo un total de 27 artículos periodísticos entre julio de 1854 y junio de 1857. Entre ellos destaca la serie de nueve que compone La España revolucionaria que aquí se presenta. En ella Marx ofrece su particular visión de las características politícas de la revolución liberal española. La presente edición cuenta con el apoyo de un glosario para conocer a los personajes, instituciones y hechos históricos a los que Marx alude.
590 _aInventariado, 2023/ YL
651 4 _aEspaña
_xHistoria
_y1808-1814 (Guerra de la Independencia)|
_984409
651 4 _aEspaña
_xHistoria
_y1814-1833 (Fernando VII)
_984410
700 1 _aPalacio, Jorge del
_eedición
_942669
910 _aYlockward
942 _2ddc
_cLBS1
999 _c55105
_d55105